Principles of economics / (Record no. 8947)
[ view plain ]
| 000 -LEADER | |
|---|---|
| fixed length control field | 00571cam a2200205 a 4500 |
| 001 - CONTROL NUMBER | |
| control field | 3055830 |
| 005 - DATE AND TIME OF LATEST TRANSACTION | |
| control field | 20260311173230.0 |
| 008 - FIXED-LENGTH DATA ELEMENTS--GENERAL INFORMATION | |
| fixed length control field | 961107s1998 txua 001 0 eng d |
| 020 ## - INTERNATIONAL STANDARD BOOK NUMBER | |
| International Standard Book Number | 0030982383 |
| 020 ## - INTERNATIONAL STANDARD BOOK NUMBER | |
| International Standard Book Number | 9780030982385 |
| 050 04 - LIBRARY OF CONGRESS CALL NUMBER | |
| Classification number | HB171.5 |
| Item number | .M264 1998 |
| 082 00 - DEWEY DECIMAL CLASSIFICATION NUMBER | |
| Classification number | 330 |
| Edition information | 21 |
| 100 1# - MAIN ENTRY--PERSONAL NAME | |
| Personal name | Mankiw, N. Gregory. |
| 245 10 - TITLE STATEMENT | |
| Title | Principles of economics / |
| Statement of responsibility, etc. | N. Gregory Mankiw. |
| 260 ## - PUBLICATION, DISTRIBUTION, ETC. | |
| Place of publication, distribution, etc. | Fort Worth, TX : |
| Name of publisher, distributor, etc. | Dryden Press, |
| Date of publication, distribution, etc. | c1998. |
| 300 ## - PHYSICAL DESCRIPTION | |
| Extent | xxxv, 797 p. : |
| Other physical details | ill. (some col.) ; |
| Dimensions | 26 cm. |
| 500 ## - GENERAL NOTE | |
| General note | Includes index. |
| 650 #0 - SUBJECT ADDED ENTRY--TOPICAL TERM | |
| Topical term or geographic name entry element | Economics. |
| 942 ## - ADDED ENTRY ELEMENTS (KOHA) | |
| Source of classification or shelving scheme | Library of Congress Classification |
| Koha item type | Books |
| Suppress in OPAC | No |
| 999 ## - | |
| -- | 8947 |
| -- | 8947 |
| Withdrawn status | Lost status | Source of classification or shelving scheme | Damaged status | Not for loan | Collection | Home library | Current library | Shelving location | Date acquired | Total checkouts | Full call number | Barcode | Date last seen | Copy number | Price effective from | Koha item type |
|---|---|---|---|---|---|---|---|---|---|---|---|---|---|---|---|---|
| Library of Congress Classification | Non-fiction | Business Library (Miotso) | Business Library (Miotso) | General stacks | 03/11/2026 | HB171.5 .M264 1998 | BSSM00002535 | 03/11/2026 | 1 | 03/11/2026 | Books | |||||
| Library of Congress Classification | Non-fiction | Business Library (Miotso) | Business Library (Miotso) | General stacks | 03/11/2026 | HB171.5 .M264 1998 | BSSM00002536 | 03/11/2026 | 2 | 03/11/2026 | Books |